|
|
|
|
| LEADER |
01496cam a2200301 a 4500 |
| 001 |
c000226577 |
| 003 |
CARM |
| 005 |
20061130130643.0 |
| 008 |
811212s1981 nyua b 100 0 eng |
| 010 |
|
|
|a 81068332
|
| 019 |
1 |
|
|a 2148896
|5 LACONCORD2021
|
| 035 |
|
|
|a (OCoLC)8052717
|5 LACONCORD2021
|
| 040 |
|
|
|a DLC
|b eng
|c DLC
|d DLC
|
| 050 |
0 |
0 |
|a TA174
|b .P75
|
| 082 |
0 |
0 |
|a 620/.00425
|2 19
|
| 245 |
0 |
0 |
|a Progress in engineering optimization - 1981 :
|b presented at the ASME Design Engineering Technical Conferences, Hartford, Connecticut, September 20-23, 1981 /
|c sponsored by the Design Automation Committee of the Design Engineering Division, ASME ; edited by R. W. Mayne, K. M. Ragsdell.
|
| 260 |
|
|
|a New York, N.Y. :
|b American Society of Mechanical Engineers,
|c c1981.
|
| 300 |
|
|
|a v, 151 p. :
|b ill. ;
|c 28 cm.
|
| 500 |
|
|
|a Selection of papers presented at the 7th ASME Design Automation Conference.
|
| 504 |
|
|
|a Includes bibliographical references.
|
| 650 |
|
0 |
|a Engineering design
|x Mathematical models
|v Congresses.
|
| 700 |
1 |
|
|a Ragsdell, K. M.
|
| 700 |
1 |
|
|a Mayne, Roger,
|d 1942-
|
| 710 |
2 |
|
|a American Society of Mechanical Engineers.
|b Design Automation Committee.
|
| 711 |
2 |
|
|a Design Automation Conference (ASME)
|n (7th :
|d 1981 :
|c Hartford, Conn.)
|
| 852 |
8 |
|
|b CARM
|h A2:AB26H0
|i F01168
|p 0268429
|f BK
|
| 999 |
f |
f |
|i 25ef3406-8caa-550b-973c-6c310ad0e620
|s 2f95acde-a129-5751-b487-83ee24a93119
|
| 952 |
f |
f |
|p Can circulate
|a CAVAL
|b CAVAL
|c CAVAL
|d CARM 1 Store
|e F01168
|f A2:AB26H0
|h Other scheme
|i book
|m 0268429
|